Saviours of Islamic Script (Record no. 3109)

MARC details
000 -LEADER
fixed length control field 00612nam a2200229 a 4500
020 ## - INTERNATIONAL STANDARD BOOK NUMBER
ISBN
082 00 - DEWEY DECIMAL CLASSIFICATION NUMBER
Classification number 297.4
Author Cutter NAD4
100 ## - MAIN ENTRY--AUTHOR NAME
Author name Nadwi, Abul Hasan Ali
245 ## - TITLE STATEMENT
Title Saviours of Islamic Script
260 ## - PUBLICATION, DISTRIBUTION, ETC. (IMPRINT)
Place of publication Lucknow
Name of publisher Academy of Islamic
Year of publication 1974
500 ## - GENERAL NOTE
General note includes index and biblioraphy
505 2# - FORMATTED CONTENTS NOTE
Formatted contents note ill
505 2# - FORMATTED CONTENTS NOTE
Formatted contents note ill00
650 ## - SUBJECT ADDED ENTRY--TOPICAL TERM
Topical Term Sufism-Hagiography
942 ## - ADDED ENTRY ELEMENTS (KOHA)
Koha item type Books
Holdings
Home library Current library Date acquired Cost, normal purchase price Full call number Accession Number Koha item type
Henry Martyn Institute Library Henry Martyn Institute Library   28.00 297.4 NAD4 07524 E-Books
Henry Martyn Institute Library Henry Martyn Institute Library   28.00 297.4 NAD4 07525 E-Books
                   Copyright © 2026 | Henry Martyn Institute | Hyderabad | TS-500052 | INDIA | Implemented by hmi.edu.in
Hit-Count:

Powered by Koha